[Event "Tula Igriashvili Memorial"]
[Site "Tula "]
[Date "2006.03.30"]
[Round "7"]
[White "Zaitsev, Alexander"]
[Black "Sergeev, Gennady"]
[Result "1-0"]
[WhiteElo "2401"]
[BlackElo "2412"]
[PlyCount "67"]
[EventDate "2006.03.26"]
[EventType "tourn"]
[EventRounds "14"]
[EventCountry "RUS"]
[EventCategory "8"]
[SourceTitle "EXT 2008"]
[Source "ChessBase"]
[SourceDate "2007.11.25"]
[SourceVersion "1"]
[SourceVersionDate "2007.11.25"]
[SourceQuality "1"]

1. e4 e5 2. Nf3 Nc6 3. d4 exd4 4. Nxd4 Bc5 5. Nxc6 Qf6 6. Qd2 dxc6 7. Nc3 Ne7 8. Qf4 Qd6 9. Be3 Bxe3 10. Qxe3 Ng6 11. Qg3 Be6 12. Bd3 0-0-0 13. 0-0-0 Rhe8 14. Ne2 Qxg3 15. hxg3 h6 16. Nf4 Nxf4 17. gxf4 Rd4 18. f5 Bc4 19. Bxc4 Rxc4 20. f6 Rcxe4 21. fxg7 Rg4 22. Rxh6 Rxg7 23. g3 a5 24. Rdh1 c5 25. Rh7 Rxh7 26. Rxh7 Rf8 27. Kd2 Kd7 28. Kd3 Kd6 29. g4 b5 30. c4 b4 31. Rh6+ f6 32. g5 Ke5 33. f4+ Kf5 34. Rxf6+ 1-0

[Event "Tula Igriashvili Memorial"]
[Site "Tula "]
[Date "2006.03.29"]
[Round "6"]
[White "Sergeev, Gennady"]
[Black "Novikov, Maxim"]
[Result "0-1"]
[WhiteElo "2412"]
[BlackElo "2518"]
[PlyCount "72"]
[EventDate "2006.03.26"]
[EventType "tourn"]
[EventRounds "14"]
[EventCountry "RUS"]
[EventCategory "8"]
[SourceTitle "EXT 2008"]
[Source "ChessBase"]
[SourceDate "2007.11.25"]
[SourceVersion "1"]
[SourceVersionDate "2007.11.25"]
[SourceQuality "1"]

1. e4 e5 2. Nf3 Nc6 3. Bb5 f5 4. Nc3 Nf6 5. exf5 d6 6. 0-0 Bxf5 7. d4 e4 8. Nh4 Bd7 9. Be3 d5 10. Bxc6 bxc6 11. f3 Bd6 12. fxe4 Ng4 13. g3 Nxe3 14. Qh5+ g6 15. Nxg6 Bg4 16. Qh6 hxg6 17. Qxh8+ Kd7 18. Rf7+ Kc8 19. Qxd8+ Kxd8 20. e5 Be7 21. Rc1 Kd7 22. Rg7 Rf8 23. Rxg6 Be6 24. a3 c5 25. Ne2 Bg4 26. Nf4 Bf5 27. Rg7 cxd4 28. Ng6 Bxg6 29. Rxg6 Bc5 30. Kh1 Rf2 31. h4 Nxc2 32. h5 d3 33. h6 d2 34. Rd1 Bd4 35. h7 Bxe5 36. Rg8 Ne3 0-1

[Event "Tula Igriashvili Memorial"]
[Site "Tula "]
[Date "2006.03.28"]
[Round "4"]
[White "Sergeev, Gennady"]
[Black "Chuiko, Alexander"]
[Result "1/2-1/2"]
[WhiteElo "2412"]
[BlackElo "2397"]
[PlyCount "64"]
[EventDate "2006.03.26"]
[EventType "tourn"]
[EventRounds "14"]
[EventCountry "RUS"]
[EventCategory "8"]
[SourceTitle "EXT 2008"]
[Source "ChessBase"]
[SourceDate "2007.11.25"]
[SourceVersion "1"]
[SourceVersionDate "2007.11.25"]
[SourceQuality "1"]

1. d4 Nf6 2. c4 c5 3. d5 b5 4. cxb5 a6 5. e3 g6 6. Nc3 Bg7 7. Nf3 0-0 8. a4 d6 9. Qb3 axb5 10. Bxb5 e6 11. 0-0 exd5 12. Nxd5 Na6 13. Nf4 Bb7 14. Rd1 Qe7 15. Nd2 g5 16. Nh3 Ng4 17. Qd3 Be5 18. Nf1 Kh8 19. Qf5 Nh6 20. Qc2 f5 21. Qe2 Rg8 22. Bc4 Rg6 23. Ng3 Nc7 24. Bd2 Ne6 25. Bxe6 Qxe6 26. Bc3 Nf7 27. Qc2 Rf6 28. f4 Bxc3 29. Qxc3 gxf4 30. Nh5 Ne5 31. Nxf6 Qxf6 32. exf4 Rg8 1/2-1/2

[Event "Tula Efremenkov Memorial"]
[Site "Tula"]
[Date "2006.01.08"]
[Round "7"]
[White "Sergeev, Gennady"]
[Black "Tishin, Petr"]
[Result "0-1"]
[WhiteElo "2412"]
[BlackElo "2400"]
[PlyCount "56"]
[EventDate "2006.01.03"]
[EventType "tourn"]
[EventRounds "14"]
[EventCountry "RUS"]
[EventCategory "8"]
[SourceTitle "CBM 110 Extra"]
[Source "ChessBase"]
[SourceDate "2006.03.10"]
[SourceVersion "2"]
[SourceVersionDate "2006.03.10"]
[SourceQuality "1"]

1. e4 c6 2. d4 d5 3. e5 Bf5 4. Nc3 e6 5. g4 Bg6 6. Nge2 c5 7. h4 h5 8. Nf4 Nc6 9. Nxg6 fxg6 10. Ne2 Qb6 11. Nf4 cxd4 12. Nxg6 Bb4+ 13. Ke2 Nge7 14. Nxh8 Nxe5 15. f3 hxg4 16. f4 d3+ 17. cxd3 Nf5 18. Qa4+ Nc6 19. a3 g3 20. d4 Qxd4 21. axb4 Qf2+ 22. Kd1 Qf3+ 23. Kc2 g2 24. Bxg2 Qxg2+ 25. Bd2 b5 26. Qa3 Ncd4+ 27. Kb1 Qxh1+ 28. Ka2 Qxa1+ 0-1

[Event "Tula Efremenkov Memorial"]
[Site "Tula"]
[Date "2006.01.04"]
[Round "2"]
[White "Yagupov, Igor"]
[Black "Sergeev, Gennady"]
[Result "1-0"]
[WhiteElo "2534"]
[BlackElo "2412"]
[PlyCount "61"]
[EventDate "2006.01.03"]
[EventType "tourn"]
[EventRounds "14"]
[EventCountry "RUS"]
[EventCategory "8"]
[SourceTitle "CBM 110 Extra"]
[Source "ChessBase"]
[SourceDate "2006.03.10"]
[SourceVersion "2"]
[SourceVersionDate "2006.03.10"]
[SourceQuality "1"]

1. e4 e6 2. d4 d5 3. e5 c5 4. c3 Nc6 5. Nf3 Bd7 6. Be2 cxd4 7. cxd4 Nge7 8. Na3 Nf5 9. Nc2 Qb6 10. 0-0 a5 11. g4 Nfe7 12. Nfe1 Ng6 13. f4 Be7 14. Be3 f6 15. f5 Nf8 16. Nd3 0-0-0 17. Rb1 h5 18. b4 hxg4 19. bxa5 Qxa5 20. Nc5 Bxc5 21. Rb5 Qc7 22. Rxc5 fxe5 23. dxe5 Qxe5 24. Bf4 Qxf5 25. Nd4 Qe4 26. Nb5 Be8 27. Na7+ Kd7 28. Bb5 Qb4 29. Rxd5+ exd5 30. Qxd5+ Ke7 31. Bg5# 1-0

[Event "RUS Fed Cup final"]
[Site "Tula"]
[Date "2005.12.20"]
[Round "?"]
[White "Kainov, Aleksey"]
[Black "Sergeev, Gennady"]
[Result "1-0"]
[WhiteElo "2272"]
[BlackElo "2412"]
[PlyCount "47"]
[EventDate "2005.12.02"]
[EventType "tourn"]
[EventRounds "11"]
[EventCountry "RUS"]
[EventCategory "3"]
[SourceTitle "EXT 2007"]
[Source "ChessBase"]
[SourceDate "2006.11.23"]
[SourceVersion "1"]
[SourceVersionDate "2006.11.23"]
[SourceQuality "1"]

1. e4 e5 2. Nf3 Nc6 3. Bc4 Bc5 4. b4 Bxb4 5. c3 Bc5 6. d4 exd4 7. 0-0 Nf6 8. cxd4 Bb4 9. e5 d5 10. exf6 dxc4 11. fxg7 Rg8 12. d5 Ne7 13. Qa4+ c6 14. Qxb4 cxd5 15. Nc3 Be6 16. Ba3 b6 17. Rfe1 a5 18. Qxe7+ Qxe7 19. Bxe7 Kxe7 20. Nxd5+ Kd6 21. Nf4 Rxg7 22. Rad1+ Kc6 23. Nxe6 fxe6 24. Rxe6+ 1-0

[Event "Tula Afromeev Memorial"]
[Site "Tula"]
[Date "2005.07.28"]
[Round "9"]
[White "Igriashvili, Zurab"]
[Black "Sergeev, Gennady"]
[Result "1/2-1/2"]
[WhiteElo "2279"]
[BlackElo "2451"]
[PlyCount "27"]
[EventDate "2005.07.20"]
[EventType "tourn"]
[EventRounds "11"]
[EventCountry "RUS"]
[EventCategory "6"]
[SourceTitle "EXT 2006"]
[Source "ChessBase"]
[SourceDate "2005.11.24"]
[SourceVersion "1"]
[SourceVersionDate "2005.11.24"]
[SourceQuality "1"]

1. e4 e5 2. Nf3 Nc6 3. Bb5 a6 4. Ba4 Nf6 5. 0-0 b5 6. Bb3 Bc5 7. Re1 d6 8. c3 Bg4 9. d3 0-0 10. Nbd2 Bb6 11. Nf1 Qe7 12. Ne3 Be6 13. Bc2 Rfd8 14. a4 1/2-1/2